[Event "Tamil Nadu IM 12th"]
[Site "Chennai"]
[Date "2024.01.09"]
[Round "2"]
[White "Mamombe, Kudzanai"]
[Black "Pradeep, Kumar RA"]
[Result "0-1"]
[WhiteElo "1797"]
[BlackElo "2189"]
[PlyCount "122"]
[EventDate "2024.01.09"]
[EventType "tourn"]
[EventRounds "9"]
[EventCountry "IND"]
[SourceTitle "CB03_2024"]
[SourceDate "2024.01.17"]
[SourceVersion "1"]
[SourceVersionDate "2024.01.17"]
[SourceQuality "1"]

1. Nf3 Nf6 2. g3 g6 3. Bg2 Bg7 4. 0-0 0-0 5. d3 d6 6. e4 c5 7. Re1 Nc6 8. c3 e5 9. Qe2 Rb8 10. a4 a6 11. Bg5 b5 12. axb5 axb5 13. Nbd2 Be6 14. Nf1 b4 15. Ne3 bxc3 16. bxc3 h6 17. Bxf6 Bxf6 18. Reb1 Rxb1+ 19. Rxb1 Qa5 20. Qc2 Ra8 21. Nd5 Bxd5 22. exd5 Na7 23. c4 Nc8 24. Nd2 Bg7 25. g4 Qd8 26. Ne4 Ne7 27. Qe2 Rb8 28. Rxb8 Qxb8 29. h4 Kh8 30. Ng3 Bf6 31. h5 Bh4 32. Kh2 Bxg3+ 33. fxg3 gxh5 34. gxh5 Qg8 35. g4 Qg5 36. Be4 Qf4+ 37. Kh3 Kg7 38. Qf3 Qd2 39. Kg3 Qe1+ 40. Kh3 Qg1 41. Qg2 Qc1 42. Qf3 Ng8 43. Qf2 Nf6 44. Bf5 Qg5 45. Qf3 Kf8 46. Qf2 Ke7 47. Qf3 Kf8 48. Qf2 Kg7 49. Qf3 Qd2 50. Kg3 Ng8 51. Qf2 Qxf2+ 52. Kxf2 Kf6 53. Ke3 Kg5 54. Kf3 Ne7 55. Bd7 f5 56. gxf5 Nxf5 57. Be6 Nd4+ 58. Ke4 Kxh5 59. Bh3 Kh4 60. Bf1 Kg3 61. Ke3 h5 0-1

[Event "Africa KCF Inv tt"]
[Site "Brakpan"]
[Date "2017.10.07"]
[Round "4.3"]
[White "Mamombe, Kudzanai"]
[Black "Mayimbo, Clement"]
[Result "0-1"]
[WhiteElo "1929"]
[BlackElo "2053"]
[PlyCount "90"]
[EventDate "2017.10.05"]
[EventType "team-tourn"]
[EventRounds "7"]
[EventCountry "RSA"]
[SourceTitle "CBM 181 Extra"]
[Source "ChessBase"]
[SourceDate "2017.12.12"]
[SourceVersion "1"]
[SourceVersionDate "2017.12.12"]
[SourceQuality "1"]
[WhiteTeam "ChessExcellence II"]
[BlackTeam "Zambia"]
[WhiteTeamCountry "RSA"]
[BlackTeamCountry "ZAM"]

1. e4 c6 2. d4 d5 3. Nc3 dxe4 4. Nxe4 Bf5 5. Ng3 Bg6 6. Nf3 Nd7 7. h4 h6 8. h5 Bh7 9. Bd3 Bxd3 10. Qxd3 e6 11. Bd2 Ngf6 12. 0-0-0 Be7 13. c4 0-0 14. Ne4 Nxe4 15. Qxe4 Nf6 16. Qe2 c5 17. Bc3 cxd4 18. Nxd4 Qc7 19. Kb1 Rac8 20. b3 a6 21. Bb2 Qf4 22. Nxe6 Qf5+ 23. Ka1 Qxe6 24. Qf3 Qc6 25. Qe2 Rfe8 26. g4 Ba3 27. Qc2 Bxb2+ 28. Qxb2 Qe4 29. g5 hxg5 30. h6 Qe5 31. Qxe5 Rxe5 32. hxg7 Kxg7 33. f4 Rf5 34. fxg5 Rxg5 35. Rhf1 Rc7 36. Rd6 Ne4 37. Rd4 Re7 38. Re1 f5 39. Rd5 Kf6 40. b4 Rg2 41. Rf1 Re5 42. Rd3 Ng3 43. Rb1 Ree2 44. Ra3 Ne4 45. Rh1 Rc2 0-1

[Event "Africa KCF Inv tt"]
[Site "Brakpan"]
[Date "2017.10.06"]
[Round "2.3"]
[White "Mamombe, Kudzanai"]
[Black "Mbedza, Richard"]
[Result "1/2-1/2"]
[WhiteElo "1929"]
[BlackElo "1984"]
[PlyCount "31"]
[EventDate "2017.10.05"]
[EventType "team-tourn"]
[EventRounds "7"]
[EventCountry "RSA"]
[SourceTitle "CBM 181 Extra"]
[Source "ChessBase"]
[SourceDate "2017.12.12"]
[SourceVersion "1"]
[SourceVersionDate "2017.12.12"]
[SourceQuality "1"]
[WhiteTeam "ChessExcellence II"]
[BlackTeam "RSA Inv III"]
[WhiteTeamCountry "RSA"]
[BlackTeamCountry "RSA"]

1. e4 e6 2. d4 d5 3. e5 c5 4. c3 Qb6 5. Nf3 Bd7 6. b3 cxd4 7. cxd4 Bb5 8. Bxb5+ Qxb5 9. Qe2 Qxe2+ 10. Kxe2 Nc6 11. Nc3 Rc8 12. Bb2 Nh6 13. Rac1 Be7 14. Na4 0-0 15. Rhd1 Nf5 16. g4 1/2-1/2

[Event "Africa-ch"]
[Site "Windhoek"]
[Date "2007.09.07"]
[Round "7"]
[White "Mandizha, Farai"]
[Black "Mamombe, Kudzanai"]
[Result "1-0"]
[WhiteElo "2366"]
[BlackElo "2089"]
[PlyCount "109"]
[EventDate "2007.09.01"]
[EventType "swiss"]
[EventRounds "9"]
[EventCountry "NAM"]
[SourceTitle "CBM 120 Extra"]
[Source "ChessBase"]
[SourceDate "2007.11.01"]
[SourceVersion "1"]
[SourceVersionDate "2007.11.01"]
[SourceQuality "1"]

1. Nf3 Nf6 2. d4 g6 3. c4 Bg7 4. Nc3 0-0 5. e4 d6 6. Be2 e5 7. 0-0 Nc6 8. d5 Ne7 9. Ne1 Nd7 10. Be3 f5 11. f3 f4 12. Bf2 g5 13. Rc1 Nf6 14. c5 a6 15. cxd6 cxd6 16. Na4 Rf7 17. Nb6 Rb8 18. Qc2 Bd7 19. Qc7 Qxc7 20. Rxc7 Ng6 21. Nd3 Bb5 22. Rfc1 Rxc7 23. Rxc7 g4 24. a4 gxf3 25. gxf3 Ne8 26. Rc3 Bxd3 27. Bxd3 Bf8 28. Bf1 Be7 29. Kh1 Bh4 30. Bg1 Kf7 31. Bh3 Nf8 32. Rb3 Be1 33. Kg2 a5 34. Nc4 Bb4 35. Bb6 Ra8 36. Rd3 Ke7 37. Bf2 Ng6 38. Kf1 Nc7 39. Bb6 Na6 40. Rb3 Nc5 41. Bxc5 dxc5 42. d6+ Kf6 43. Rd3 Rd8 44. Rd5 Re8 45. d7 Rd8 46. Nd6 Ne7 47. Nxb7 Nxd5 48. Nxd8 Ne3+ 49. Ke2 c4 50. Nc6 Be7 51. d8Q Bxd8 52. Nxd8 Nc2 53. Nc6 Nd4+ 54. Nxd4 exd4 55. Bf1 1-0

[Event "Africa-ch"]
[Site "Windhoek"]
[Date "2007.09.03"]
[Round "3"]
[White "Eichab, Charles Sidney"]
[Black "Mamombe, Kudzanai"]
[Result "0-1"]
[WhiteElo "2062"]
[BlackElo "2089"]
[PlyCount "84"]
[EventDate "2007.09.01"]
[EventType "swiss"]
[EventRounds "9"]
[EventCountry "NAM"]
[SourceTitle "CBM 120 Extra"]
[Source "ChessBase"]
[SourceDate "2007.11.01"]
[SourceVersion "1"]
[SourceVersionDate "2007.11.01"]
[SourceQuality "1"]

1. c4 c6 2. Nf3 d5 3. e3 Nf6 4. b3 Bg4 5. Bb2 e6 6. Be2 Nbd7 7. 0-0 Bd6 8. d3 0-0 9. Nbd2 Rc8 10. Rc1 Qe7 11. Qc2 e5 12. cxd5 cxd5 13. Qxc8 Rxc8 14. Rxc8+ Nf8 15. Rc2 e4 16. Bxf6 Qxf6 17. dxe4 dxe4 18. Nxe4 Qg6 19. Rd2 Bxh2+ 20. Nxh2 Bxe2 21. Rxe2 Qxe4 22. Rc1 g6 23. Nf3 Ne6 24. Rd2 h5 25. Rdc2 b5 26. Rc8+ Kg7 27. Re8 Qd5 28. Nd4 Nxd4 29. exd4 Qxd4 30. Re7 Kf6 31. Rcc7 Qd1+ 32. Kh2 Qd6+ 33. Kh3 Qxe7 34. Rxe7 Kxe7 35. Kh4 f6 36. b4 Ke6 37. g3 Kf5 38. f3 a6 39. f4 Ke4 40. a3 Kf3 41. Kh3 g5 42. f5 Ke4 0-1

[Event "Olympiad-34"]
[Site "Istanbul"]
[Date "2000.11.05"]
[Round "8.3"]
[White "Mamombe, Kudzanai"]
[Black "Ferrufino, Boris"]
[Result "0-1"]
[WhiteElo "2147"]
[BlackElo "2146"]
[PlyCount "82"]
[EventDate "2000.10.28"]
[EventType "team-swiss"]
[EventRounds "14"]
[EventCountry "TUR"]
[SourceTitle "EXT 2001"]
[Source "ChessBase"]
[SourceDate "2000.11.22"]
[SourceVersion "1"]
[SourceVersionDate "2000.11.22"]
[SourceQuality "1"]
[WhiteTeam "Zimbabwe"]
[BlackTeam "Bolivia"]
[WhiteTeamCountry "ZIM"]
[BlackTeamCountry "BOL"]

1. e4 c5 2. Nf3 d6 3. d4 cxd4 4. Nxd4 Nf6 5. Nc3 e5 6. Nb3 Be6 7. f3 Be7 8. Be3 0-0 9. Qd2 a5 10. a4 Nc6 11. g4 d5 12. g5 d4 13. gxf6 Bxf6 14. Nb5 Bxb3 15. Bf2 Bg5 16. Qd1 Be6 17. h4 Bh6 18. Bd3 Nb4 19. Bg3 f6 20. Rf1 Rc8 21. f4 Qe7 22. Rf2 Nxd3+ 23. Qxd3 Bc4 24. Qf3 Bxb5 25. axb5 Qb4+ 26. Kf1 Qxb5+ 27. Kg2 b6 28. Ra3 exf4 29. Bxf4 Bxf4 30. Qxf4 Qe5 31. Qg4 Rce8 32. Rf4 h5 33. Qf3 Rc8 34. c3 dxc3 35. Rxc3 Rxc3 36. bxc3 Rc8 37. Rf5 Qxc3 38. Qxh5 Qc2+ 39. Kg3 Qxe4 40. Rf4 Rc3+ 41. Kg4 Qe2+ 0-1

[Event "Olympiad-34"]
[Site "Istanbul"]
[Date "2000.10.29"]
[Round "2.2"]
[White "Garcia Paolicchi, Raul"]
[Black "Mamombe, Kudzanai"]
[Result "0-1"]
[WhiteElo "2318"]
[BlackElo "2147"]
[PlyCount "102"]
[EventDate "2000.10.28"]
[EventType "team-swiss"]
[EventRounds "14"]
[EventCountry "TUR"]
[SourceTitle "EXT 2001"]
[Source "ChessBase"]
[SourceDate "2000.11.22"]
[SourceVersion "1"]
[SourceVersionDate "2000.11.22"]
[SourceQuality "1"]
[WhiteTeam "Andorra"]
[BlackTeam "Zimbabwe"]
[WhiteTeamCountry "AND"]
[BlackTeamCountry "ZIM"]

1. d4 d5 2. Nf3 Nf6 3. c4 c6 4. Qc2 dxc4 5. Qxc4 Bf5 6. e3 Nbd7 7. Be2 Qc7 8. Qb3 e6 9. Nc3 Bd6 10. Bd2 Ne4 11. Rc1 0-0 12. Nb5 Nxd2 13. Nxd2 Qb8 14. Nxd6 Qxd6 15. 0-0 Rab8 16. Rfd1 e5 17. Nc4 Qe7 18. dxe5 Nxe5 19. Nxe5 Qxe5 20. Qb4 Be6 21. a3 Bd5 22. Rd4 Rfe8 23. Rcd1 Bxg2 24. Rg4 Bd5 25. Qd4 f5 26. Qxe5 Rxe5 27. Rgd4 b5 28. Bf1 Re6 29. Be2 Kf7 30. b4 g5 31. Bf1 Re4 32. Rxe4 fxe4 33. Bg2 Kf6 34. Rc1 a5 35. bxa5 Ra8 36. Bh3 Ke7 37. Bf5 h6 38. Kg2 Rxa5 39. Rc3 Kd6 40. Kg3 Ra4 41. Bg4 Rc4 42. Rxc4 Bxc4 43. f3 exf3 44. Bxf3 Bd3 45. h4 c5 46. hxg5 hxg5 47. Kf2 c4 48. Ke1 c3 49. Kd1 Kc5 50. Bg4 Kd5 51. Bf3+ Ke5 0-1

[Event "Olympiad-34"]
[Site "Istanbul"]
[Date "2000.10.28"]
[Round "1.3"]
[White "Mamombe, Kudzanai"]
[Black "Grigore, George Gabriel"]
[Result "0-1"]
[WhiteElo "2147"]
[BlackElo "2508"]
[PlyCount "106"]
[EventDate "2000.10.28"]
[EventType "team-swiss"]
[EventRounds "14"]
[EventCountry "TUR"]
[SourceTitle "EXT 2001"]
[Source "ChessBase"]
[SourceDate "2000.11.22"]
[SourceVersion "1"]
[SourceVersionDate "2000.11.22"]
[SourceQuality "1"]
[WhiteTeam "Zimbabwe"]
[BlackTeam "Romania"]
[WhiteTeamCountry "ZIM"]
[BlackTeamCountry "ROU"]

1. e4 c5 2. Nf3 Nc6 3. d4 cxd4 4. Nxd4 e5 5. Nb5 d6 6. N1c3 a6 7. Na3 Be6 8. Nc4 b5 9. Ne3 Nf6 10. Bd3 g6 11. Ned5 Bxd5 12. exd5 Ne7 13. Bg5 Bg7 14. Qf3 Nh5 15. g4 Nf4 16. Bxf4 exf4 17. Qxf4 0-0 18. Qf3 Qa5 19. 0-0 Bxc3 20. bxc3 Qxc3 21. a4 b4 22. Rae1 Ra7 23. Re4 Nxd5 24. Rc4 Qe5 25. Be4 Nc3 26. Rxb4 Qc5 27. Rb3 Rc7 28. Bd3 a5 29. Ra1 Re8 30. Kg2 d5 31. h4 Qd4 32. Raa3 Ne4 33. Rb5 Rc6 34. g5 Nc5 35. Qg3 Ne6 36. Rab3 Nf4+ 37. Kh2 Nh5 38. Rb8 Rce6 39. Rxe8+ Rxe8 40. Rb8 Nxg3 41. Rxe8+ Kg7 42. Kxg3 Qxa4 43. Ra8 Qb4 44. f4 h6 45. f5 Qe1+ 46. Kh3 Qe3+ 47. Kh2 gxf5 48. gxh6+ Qxh6 49. Kh3 Qe3+ 50. Kg2 f4 51. Kf1 Qh3+ 52. Ke2 Qg2+ 53. Kd1 f3 0-1

[Event "Olympiad-33"]
[Site "Elista"]
[Date "1998.10.11"]
[Round "12.3"]
[White "Mamombe, Kudzanai"]
[Black "Rechi Perez, Jesus"]
[Result "1-0"]
[WhiteElo "2135"]
[BlackElo "2135"]
[PlyCount "51"]
[EventDate "1998.09.29"]
[EventType "team-swiss"]
[EventRounds "13"]
[EventCountry "RUS"]
[SourceTitle "CBM 068"]
[Source "ChessBase"]
[SourceDate "1999.02.01"]
[SourceVersion "1"]
[SourceVersionDate "1999.02.01"]
[SourceQuality "1"]
[WhiteTeam "Zimbabwe"]
[BlackTeam "Andorra"]
[WhiteTeamCountry "ZIM"]
[BlackTeamCountry "AND"]

1. e4 d5 2. exd5 Nf6 3. c4 c6 4. dxc6 Nxc6 5. Nf3 e5 6. d3 Bf5 7. Nc3 Bb4 8. Be2 Bxc3+ 9. bxc3 Bxd3 10. Qxd3 Qxd3 11. Bxd3 e4 12. Be2 exf3 13. Bxf3 0-0 14. 0-0 Rfe8 15. Rb1 Na5 16. Rb5 Nxc4 17. Rxb7 Ne5 18. Bd1 Ne4 19. f4 Nd3 20. Bb3 Kh8 21. Bxf7 Red8 22. c4 Nc3 23. Be3 Ne2+ 24. Kh1 Rab8 25. Rxa7 Rb6 26. Bxb6 1-0

[Event "Olympiad-33"]
[Site "Elista"]
[Date "1998.10.03"]
[Round "5.4"]
[White "Mamombe, Kudzanai"]
[Black "Toloza Soto, Pablo Alejandro"]
[Result "0-1"]
[WhiteElo "2135"]
[BlackElo "2350"]
[PlyCount "150"]
[EventDate "1998.09.29"]
[EventType "team-swiss"]
[EventRounds "13"]
[EventCountry "RUS"]
[SourceTitle "CBM 068"]
[Source "ChessBase"]
[SourceDate "1999.02.01"]
[SourceVersion "1"]
[SourceVersionDate "1999.02.01"]
[SourceQuality "1"]
[WhiteTeam "Zimbabwe"]
[BlackTeam "Chile"]
[WhiteTeamCountry "ZIM"]
[BlackTeamCountry "CHI"]

1. e4 d6 2. d4 Nf6 3. Nc3 e5 4. dxe5 dxe5 5. Qxd8+ Kxd8 6. Bc4 Ke8 7. Nf3 Bd6 8. Bg5 Nbd7 9. 0-0-0 a6 10. a4 h6 11. Bh4 Rb8 12. h3 Nh5 13. g4 Nf4 14. Bg3 g5 15. Bxf4 gxf4 16. Nh4 Bc5 17. f3 c6 18. Nf5 Nb6 19. Bb3 a5 20. Rd3 Bb4 21. Nd6+ Bxd6 22. Rxd6 Ke7 23. Rdd1 Nd7 24. h4 Nc5 25. Bc4 Be6 26. Be2 h5 27. g5 Rbg8 28. Rdg1 Rg7 29. b3 Rhg8 30. Bf1 Nd7 31. Bh3 Bxh3 32. Rxh3 Ke6 33. Rd1 f6 34. gxf6 Nxf6 35. Ne2 Rg2 36. Rd2 Ke7 37. Nc3 R2g3 38. Rdh2 Rg1+ 39. Kb2 Rf1 40. Ne2 Nd7 41. Kc3 Nc5 42. Rh1 Rf2 43. R1h2 Rgg2 44. Rxg2 Rxg2 45. Kd2 Ne6 46. Kd3 Rf2 47. c3 b5 48. axb5 cxb5 49. Kd2 Rf1 50. Nc1 Nc5 51. b4 axb4 52. cxb4 Ne6 53. Nd3 Kf6 54. Ne1 Nd4 55. Kd1 Rf2 56. Kc1 Nb3+ 57. Kb1 Ke6 58. Rh1 Nd2+ 59. Ka1 Kf6 60. Nd3 Rxf3 61. Nc5 Rf1+ 62. Rxf1 Nxf1 63. Nd3 Ne3 64. Ne1 Ng4 65. Nf3 Nf2 66. Nd2 Nd3 67. Ka2 Nxb4+ 68. Kb3 Nc6 69. Kc3 Ke6 70. Kb3 Kd6 71. Kc3 Kc5 72. Nb3+ Kb6 73. Nc1 Ka5 74. Nd3 Ka4 75. Kb2 b4 0-1